LEADER 01750nam 2200505 450 001 9910814493603321 005 20220523115938.0 010 $a1-4704-3605-1 035 $a(CKB)4340000000190432 035 $a(MiAaPQ)EBC4908274 035 $a(RPAM)19379090 035 $a(PPN)198345046 035 $a(EXLCZ)994340000000190432 100 $a20170808h20172017 uy 0 101 0 $aeng 135 $aurcnu|||||||| 181 $2rdacontent 182 $2rdamedia 183 $2rdacarrier 200 10$aRectifiable measures, square functions involving densities, and the cauchy transform /$fXavier Tolsa 210 1$aProvidence, Rhode Island :$cAmerican Mathematical Society,$d2017. 210 4$dİ2017 215 $a1 online resource (142 pages) $cillustrations 225 1 $aMemoirs of the American Mathematical Society,$x1947-6221 ;$vVolume 245, Number 1158 (third of 6 numbers) 300 $a"Volume 245, number 1158 (third of 6 numbers), January 2017." 311 $a1-4704-2252-2 320 $aIncludes bibliographical references. 410 0$aMemoirs of the American Mathematical Society ;$vVolume 245, Number 1158 (third of 6 numbers) 606 $aRadon measures 606 $aMeasure theory 606 $aCauchy transform 606 $aTransformations (Mathematics) 615 0$aRadon measures. 615 0$aMeasure theory. 615 0$aCauchy transform. 615 0$aTransformations (Mathematics) 676 $a515.42 700 $aTolsa$b Xavier$0525093 801 0$bMiAaPQ 801 1$bMiAaPQ 801 2$bMiAaPQ 906 $aBOOK 912 $a9910814493603321 996 $aRectifiable measures, square functions involving densities, and the cauchy transform$93949588 997 $aUNINA LEADER 01772nas 2200541-a 450 001 9910147257303321 005 20240413012214.0 035 $a(CKB)954921419495 035 $a(CONSER)---90656209- 035 $a(EXLCZ)99954921419495 100 $a19900226b19901998 --- a 101 0 $aeng 181 $ctxt$2rdacontent 182 $cc$2rdamedia 183 $acr$2rdacarrier 200 00$aCapacity management review $eCMR : a monthly report on managing computer performance 210 $aPhoenix, AZ $cApplied Computer Research$dİ1990- 215 $a1 online resource 300 $aRefereed/Peer-reviewed 300 $aTitle from caption. 311 08$aPrint version: Capacity management review : 1049-2194 (DLC) 90656209 (OCoLC)21124778 517 3 $aCMR 531 0 $aCapacity manage. rev. 606 $aComputer capacity$xPlanning$vPeriodicals 606 $aEnd-user computing$vPeriodicals 606 $aComputer capacity$xPlanning$2fast$3(OCoLC)fst00872050 606 $aEnd-user computing$2fast$3(OCoLC)fst00909645 606 $aDATA PROCESSING$2unbist 606 $aCOMPUTERS$2unbist 606 $aCOMPUTER SOFTWARE$2unbist 606 $aEVALUATION$2unbist 608 $aPeriodicals.$2fast 608 $aPeriodicals.$2lcgft 615 0$aComputer capacity$xPlanning 615 0$aEnd-user computing 615 7$aComputer capacity$xPlanning. 615 7$aEnd-user computing. 615 7$aDATA PROCESSING. 615 7$aCOMPUTERS. 615 7$aCOMPUTER SOFTWARE. 615 7$aEVALUATION. 676 $a004.5/05 712 02$aApplied Computer Research (Firm) 906 $aJOURNAL 912 $a9910147257303321 920 $aexl_impl conversion 996 $aCapacity management review$92418440 997 $aUNINA